| 000 | 00523nam a22001817a 4500 | ||
|---|---|---|---|
| 003 | CEME | ||
| 005 | 20210628202336.0 | ||
| 008 | 210120b xxu||||| |||| 00| 0 eng d | ||
| 020 | _a0-387-95431-7 | ||
| 040 | _cceme | ||
| 082 | _a363.258 HAN | ||
| 100 |
_aMaltoni, Davide ,Maio, Dario ,Jain, Anil K _959433 |
||
| 245 | _aHandbook of fingerprint recognition | ||
| 260 |
_aNEW YORK _bSPRINGER _c2003 |
||
| 300 | _aXVI,348P | ||
| 650 |
_aFINGERPRINTS IDENTIFICATION, FINGERPRINTS CLASSIFICATION _959434 |
||
| 942 |
_cBK _2ddc |
||
| 999 |
_c569419 _d569419 |
||